|
|
|
|
| LEADER |
00000cam a2200000 7i4500 |
| 001 |
0000093415 |
| 005 |
20231219142100.0 |
| 020 |
|
|
|a 9789670018430 (
|q (paperback))
|
| 040 |
|
|
|e rda
|
| 041 |
|
|
|a Malay
|
| 090 |
0 |
0 |
|a JF
|b MAL
|
| 100 |
0 |
|
|a Bonda Nor ,
|e (author)
|
| 245 |
1 |
0 |
|a Terima kasih ya!
|c Bonda Nor
|
| 264 |
|
1 |
|a Petaling Jaya, Selangor :
|b Bonda Nor Sdn. Bhd.
|c 2023
|
| 300 |
|
|
|a 56 pages :
|b color illustrations ;
|c 19 cm.
|
| 336 |
|
|
|a text
|2 rdacontent
|
| 337 |
|
|
|a unmediated
|2 rdamedia
|
| 338 |
|
|
|a volume
|2 rdacarrier
|
| 490 |
0 |
|
|a Siri Along Rangers
|
| 500 |
|
|
|a Children ages 7-9 years old (orange)
|
| 541 |
|
|
|c Purchased on 2023
|f INV02 BNR
|h RM15.00
|
| 650 |
|
0 |
|a Malay fiction
|
| 700 |
0 |
|
|a Haryati Hamim ,
|e (author)
|
| 700 |
0 |
|
|a Huzaini Amir ,
|e (author)
|
| 700 |
0 |
|
|a Intan Lily ,
|e (author)
|
| 730 |
0 |
|
|a Title
|
| 999 |
|
|
|a 0001750150
|b Book
|c Children Collection
|e Perbadanan Perpustakaan Awam Johor
|
| 999 |
|
|
|a 0001750378
|b Book
|c Children Collection
|e Cawangan Urban Transformation Centre
|
| 999 |
|
|
|a 0001750379
|b Book
|c Children Collection
|e Perbadanan Perpustakaan Awam Johor
|
| 999 |
|
|
|a 0001750380
|b Book
|c Children Collection
|e Cawangan Taman Universiti
|
| 999 |
|
|
|a 0001750381
|b Book
|c Children Collection
|e Cawangan Tmn. Ungku Tun Aminah
|
| 999 |
|
|
|a 0001750382
|b Book
|c Children Collection
|e Cawangan Muar
|
| 999 |
|
|
|a 0001750383
|b Book
|c Children Collection
|e Cawangan Batu Pahat
|
| 999 |
|
|
|a 0001750384
|b Book
|c Children Collection
|e Cawangan Kota Tinggi
|
| 999 |
|
|
|a 0001750385
|b Book
|c Children Collection
|e Cawangan Bukit Gambir
|
| 999 |
|
|
|a 0001750386
|b Book
|c Children Collection
|e Cawangan Segamat
|
| 999 |
|
|
|a 0001750387
|b Book
|c Children Collection
|e Cawangan Taman Sri Lambak
|
| 999 |
|
|
|a 0001750388
|b Book
|c Children Collection
|e Cawangan Bandar Tenggara
|
| 999 |
|
|
|a 0001750389
|b Book
|c Children Collection
|e Cawangan Bandar Penawar
|
| 999 |
|
|
|a 0001750390
|b Book
|c Children Collection
|e Cawangan Pontian
|
| 999 |
|
|
|a 0001750391
|b Book
|c Children Collection
|e Cawangan Mersing
|
| 999 |
|
|
|a 0001750392
|b Book
|c Children Collection
|e Cawangan Tangkak
|